00301nam a22000977a 4500008004100000082001800041100002400059245008700083260002400170300000900194230612b xxu||||| |||| 00| 0 eng d a354.6200bGOK cGovernment of Kenya aPublic Accounts Committee on the Government of Kenya Accounts for the Year 1985/86 aKenyabGOKc1985/86 a203p